Sin portada (Record no. 8479)

MARC details
000 -CABECERA
campo de control de longitud fija 00503nam a2200157 a 4500
001 - NÚMERO DE CONTROL
campo de control BRCA_8828
005 - FECHA Y HORA DE LA ÚLTIMA TRANSACCIÓN
campo de control 20190320210428.0
008 - DATOS DE LONGITUD FIJA--INFORMACIÓN GENERAL
campo de control de longitud fija 050517s--------sp-#######---#000-0#spa-#
041 ## - CÓDIGO DE LENGUA
Código de lengua del texto/banda sonora o título independiente spa
084 ## - OTRO NÚMERO DE CLASIFICACIÓN
Número de clasificación BE209
245 10 - MENCIÓN DE TÍTULO
Título Sin portada
300 ## - DESCRIPCIÓN FÍSICA
Extensión 386 p. (t.2)
Dimensiones 15.2 x 10.7 cm.
500 ## - NOTA GENERAL
Nota general Estado físico: presenta encuadernación en pergamino con presencia del pez de plata, carece de portada, con anotaciones en su interior y le hace falta las primeras hojas
902 ## - CATALOGADOR
Iniciales CFM
942 ## - ELEMENTOS DE PUNTO DE ACCESO ADICIONAL (KOHA)
Fuente del sistema de clasificación o colocación Library of Congress Classification
Tipo de ítem Koha Libros
Holdings
Estado de retiro Estado de pérdida Estado dañado No para préstamo Localización permanente Ubicación/localización actual Fecha de adquisición Total de préstamos Signatura topográfica completa Código de barras Fecha visto por última vez Precio válido a partir de Tipo de ítem Koha
El ejemplar forma parte de la colección y puede ser consultado según las políticas vigentes.       Biblioteca del Museo Franz Mayer (Rogerio Casas-Alatriste) Biblioteca del Museo Franz Mayer (Rogerio Casas-Alatriste) 05/05/2017   BE209 CFM00155 22/03/2019 22/03/2019 Libros